00399nam a22001097a 450000500170000000800410001704000130005808200220007124501220009326000630021530000110027820171129125432.0171129b xxu||||| |||| 00| 0 eng d cPK-LaUMT aPKAC 297.74bPRO- aProceedings of the fifth international conference of wamy on "Islamic Dawa" held at Nairobi, Kenya(20-24 April 1982)/ aRiyadh:bObekan company for printing and publishing,c1982 a182 p.